| 000 | 00557nam a22001697a 4500 | ||
|---|---|---|---|
| 003 | OSt | ||
| 005 | 20240927152659.0 | ||
| 008 | 240927b |||||||| |||| 00| 0 eng d | ||
| 040 | _c0 | ||
| 082 | _aDPer 050 R22 2000 June -December 2023 v123 no. 7124-728 | ||
| 100 |
_aSigny, Helen. _eauthor. _961741 |
||
| 245 |
_aHealth : _bObesity the other global pandemic / _cHelen Signy. |
||
| 260 |
_aTaipei ; _bReader's Digest Asia, _cJune 2023. |
||
| 300 |
_aVolume 123, pages 24-31, _billustration. |
||
| 700 |
_a Signy, Helen. _eauthor. _961722 |
||
| 942 |
_2ddc _cPER |
||
| 999 |
_c21959 _d21959 |
||